[Event "21st Heart of Finland"]
[Site "Jyvaskyla FIN"]
[Date "2011.07.16"]
[Round "8"]
[White "Kauppala,P"]
[Black "Bicer,Sena Aksel"]
[Result "1/2-1/2"]
[WhiteElo "2171"]
[BlackElo "1758"]
[EventDate "2011.07.11"]

1. g3 g6 2. Bg2 Bg7 3. f4 d5 4. Nf3 Nf6 5. d3 c5 6. O-O Nc6 7. Nc3 O-O 8.
e4 d4 9. Ne2 Re8 10. h3 e5 11. fxe5 Nxe5 12. Nxe5 Rxe5 13. Bf4 Re8 14. Qd2
Nh5 15. Bg5 Qc7 16. Rf3 Be5 17. Raf1 f6 18. g4 Ng3 19. Nxg3 fxg5 20. Ne2 h6
21. c3 Be6 22. cxd4 cxd4 23. Qb4 Qb6 24. Qd2 Kg7 25. h4 gxh4 26. g5 h5 27.
Nf4 Bxf4 28. Qxf4 Bxa2 29. e5 Bd5 30. R3f2 Bxg2 31. Qf7+ Kh8 32. Rf6 Bxf1
33. Rxg6 Qxg6 34. Qxg6 Be2 35. Qf6+ Kg8 36. e6 Bxd3 37. e7 Rac8 38. Qe6+
Kg7 39. Qh6+ Kf7 40. Qf6+ Kg8 41. Qe6+ 1/2-1/2

[Event "21st Heart of Finland"]
[Site "Jyvaskyla FIN"]
[Date "2011.07.17"]
[Round "9"]
[White "Rantanen,Y"]
[Black "Sepman,Y"]
[Result "1-0"]
[WhiteElo "2382"]
[BlackElo "2319"]
[EventDate "2011.07.11"]

1. e4 e5 2. Nf3 Nc6 3. Bb5 a6 4. Ba4 Nf6 5. O-O Nxe4 6. d4 b5 7. Bb3 d5 8.
dxe5 Be6 9. c3 Bc5 10. Qd3 O-O 11. Be3 Na5 12. Nbd2 Bxe3 13. Qxe3 Nxd2 14.
Nxd2 Qe7 15. Bc2 f5 16. exf6 Rxf6 17. Rae1 Qd6 18. b4 Nc6 19. Nf3 Raf8 20.
Ng5 Bf5 21. Bxf5 Rxf5 22. Qe6+ Qxe6 23. Nxe6 Rc8 24. f4 a5 25. bxa5 Nxa5
26. Nd4 Rf6 27. Nxb5 c6 28. Nd4 Nc4 29. Rf2 Nd6 30. g3 c5 31. Nf3 Ne4 32.
Rc2 c4 33. Rb1 Ra6 34. Nd2 Rca8 35. Nxe4 dxe4 36. Re1 Rxa2 37. Rxa2 Rxa2
38. Rxe4 Ra4 39. g4 h5 40. g5 Kf7 41. Kg2 Kg6 42. Kg3 Ra1 43. h3 Rd1 44.
Rxc4 Rd3+ 45. Kh4 Kf5 46. Rc5+ Kxf4 47. Kxh5 Rxh3+ 48. Kg6 Rg3 49. c4 Rg1
50. Rf5+ Ke4 51. Rf7 Rc1 52. Kxg7 Rxc4 53. g6 Ke5 54. Kh7 Ke6 55. Rf1 Ke7
56. Rh1 Rc1 57. Rxc1 1-0

[Event "21st Heart of Finland"]
[Site "Jyvaskyla FIN"]
[Date "2011.07.17"]
[Round "9"]
[White "Agopov,M"]
[Black "Sulskis,S"]
[Result "1/2-1/2"]
[WhiteElo "2443"]
[BlackElo "2591"]
[EventDate "2011.07.11"]

1. e4 e5 2. Nf3 Nc6 3. Bb5 a6 4. Ba4 Nf6 5. O-O Be7 6. Re1 b5 7. Bb3 O-O 8.
c3 d5 9. exd5 Nxd5 10. Nxe5 Nxe5 11. Rxe5 Nf6 12. d4 Bd6 13. Re2 Nh5 14.
Re4 Bf5 15. Nd2 Bxe4 16. Nxe4 Qh4 17. Nxd6 cxd6 18. g3 Qh3 19. Bd5 Rae8 20.
Bg2 Qc8 21. a4 Nf6 22. axb5 axb5 23. Bf4 Qe6 24. Bc6 Rc8 25. d5 Qf5 26.
Bxd6 Ne4 27. Bf4 g5 28. Be3 Rfd8 29. Qh5 h6 30. Ra7 Nd6 31. Qxh6 Qb1+ 32.
Kg2 Qe4+ 33. Kg1 Qb1+ 34. Kg2 Qe4+ 35. Kg1 1/2-1/2

[Event "21st Heart of Finland"]
[Site "Jyvaskyla FIN"]
[Date "2011.07.17"]
[Round "9"]
[White "Jarvenpaa,J"]
[Black "Kanep,M"]
[Result "1/2-1/2"]
[WhiteElo "2214"]
[BlackElo "2531"]
[EventDate "2011.07.11"]

1. e4 c5 2. c3 Nf6 3. e5 Nd5 4. Nf3 Nc6 5. Bc4 Nb6 6. Bb3 c4 7. Bc2 Qc7 8.
Qe2 g5 9. Na3 g4 10. Nb5 Qb8 11. Nh4 Nxe5 12. O-O d6 13. b3 a6 14. Nd4 Qc7
15. Rb1 e6 16. f4 gxf3 17. Nhxf3 Bg7 18. bxc4 Nbxc4 19. d3 Nb6 20. c4 O-O
21. Be3 Nxf3+ 22. Nxf3 Nd7 23. d4 h6 24. Nh4 f5 25. Rf3 Nf6 26. Rg3 Ng4 27.
Rxg4 fxg4 28. Qd3 Rf5 29. d5 Be5 30. dxe6 Rf6 31. Qe4 Bxe6 32. Rxb7 Raf8
33. g3 d5 34. Qh7+ Qxh7 35. Bxh7+ Kh8 36. Ng6+ Rxg6 37. Bxg6 dxc4 38. Rh7+
Kg8 39. Rxh6 Rf3 40. Bc5 Kg7 41. Rh5 Bb2 42. Be4 Rf7 43. Rh7+ Kf6 44. Rxf7+
Bxf7 45. Bb4 Bd4+ 46. Kf1 Bg6 47. Bb7 Bd3+ 48. Ke1 c3 49. Kd1 Kg5 50. Bc8
Be5 51. Be6 Kh5 52. h3 gxh3 53. Bxh3 c2+ 54. Kc1 Bxg3 55. Be6 Bf4+ 56. Bd2
Bd6 57. Kb2 Be5+ 58. Kc1 Bd6 1/2-1/2

[Event "21st Heart of Finland"]
[Site "Jyvaskyla FIN"]
[Date "2011.07.17"]
[Round "9"]
[White "Lauk,U"]
[Black "Vorotnikov,V1"]
[Result "0-1"]
[WhiteElo "2403"]
[BlackElo "2422"]
[EventDate "2011.07.11"]

1. e4 e5 2. Nf3 d6 3. d4 exd4 4. Nxd4 g6 5. Nc3 Bg7 6. Be3 Nf6 7. Qd2 O-O
8. O-O-O Nc6 9. f3 Nxd4 10. Bxd4 Be6 11. g4 c6 12. g5 Nh5 13. Bxg7 Nxg7 14.
Kb1 f6 15. h4 fxg5 16. hxg5 Qa5 17. Qh2 Qxg5 18. Qxh7+ Kf7 19. Bh3 Bxh3 20.
Qxh3 Rh8 21. Qd7+ Qe7 22. Qg4 Qe6 23. Qf4+ Qf6 24. Qe3 Rxh1 25. Rxh1 Nh5
26. Ne2 Re8 27. f4 Qf5 28. Ng3 Nxg3 29. Qb3+ Qe6 30. Qxg3 Qxe4 31. Qb3+ Qd5
32. Qh3 Qh5 33. Qf1 Qe2 34. Qg1 Qe3 35. Qf1 Kg7 36. a3 Rf8 37. Qg2 Rf5 38.
Rh3 Qxf4 39. Rh1 d5 40. b3 Rg5 41. Qe2 Qe4 42. Qh2 Rh5 43. Qc7+ Kh6 44.
Rxh5+ gxh5 45. Qxb7 h4 46. Qxc6+ Kg5 47. Qd7 Qf3 48. Qxa7 h3 49. Qe7+ Kg4
50. Qg7+ Kh4 51. Qd4+ Kg3 52. Qg1+ Kf4 53. Qd4+ Kf5 54. Qh8 Qg2 55. Qh7+
Kf4 56. Qh6+ Kf3 57. Qf6+ Ke2 58. Kb2 h2 59. Qe5+ Kf1 60. Qf4+ Qf2 61. Qc1+
Ke2 62. Qh6 Qd4+ 63. Ka2 Qg1 64. Qh5+ Kd2 65. Qxd5+ Kc1 66. Qe4 h1=Q 67.
Qf4+ Kxc2 68. Qc4+ Kd2 69. Qb4+ Ke3 70. Qc3+ Ke4 71. Qc6+ Ke5 72. Qe8+ Kd4
73. Qa4+ Kc5 74. Qa5+ Kc6 75. Qa4+ Kc7 76. Qf4+ Kb7 77. Qf7+ Kb6 78. Qf6+
Qc6 79. Qd8+ Qc7 80. Qf6+ Ka7 0-1

[Event "21st Heart of Finland"]
[Site "Jyvaskyla FIN"]
[Date "2011.07.17"]
[Round "9"]
[White "Koykka,P"]
[Black "Mertanen,J"]
[Result "1/2-1/2"]
[WhiteElo "2205"]
[BlackElo "2333"]
[EventDate "2011.07.11"]

1. e4 Nf6 2. e5 Nd5 3. d4 d6 4. c4 Nb6 5. exd6 exd6 6. Nc3 Be7 7. Nf3 O-O
8. Be2 Bg4 9. O-O Nc6 10. b3 Bf6 11. Be3 1/2-1/2

[Event "21st Heart of Finland"]
[Site "Jyvaskyla FIN"]
[Date "2011.07.17"]
[Round "9"]
[White "Kivimaki,Ja"]
[Black "Kiuttu,R"]
[Result "1/2-1/2"]
[WhiteElo "2190"]
[BlackElo "2283"]
[EventDate "2011.07.11"]

1. d4 d5 2. Nf3 Nf6 3. e3 e6 4. Bd3 c5 5. dxc5 Bxc5 6. Nbd2 O-O 7. a3 Be7
8. c4 b6 9. O-O Bb7 10. b3 Nbd7 11. Bb2 Rc8 12. Rc1 Nc5 13. Bc2 dxc4 14.
Nxc4 Be4 15. Bxe4 Nfxe4 16. Bd4 Qd5 17. b4 Nd7 18. Bb2 Ndf6 19. Qxd5 Nxd5
20. Nce5 Ndc3 21. Rc2 Na4 22. Rxc8 Rxc8 23. Rc1 Rxc1+ 24. Bxc1 Bd6 25. Nc4
b5 26. Nxd6 Nxd6 27. Nd4 a6 28. Kf1 Kf8 29. Nc6 Nc4 30. Nb8 Ke7 31. Nxa6
Kd7 32. Ke2 Kc6 33. f3 Kb7 34. Nc5+ Nxc5 35. bxc5 Kc6 36. Kd3 Kxc5 37. e4
f5 38. exf5 exf5 39. Kc3 Ne5 40. Be3+ Kd5 41. Kb4 Kc6 42. Kc3 Nc4 43. Bc1
Kc5 44. Kd3 g6 45. Kc3 Ne5 46. Be3+ Kd5 47. Kb4 Kc6 48. Kc3 Nc4 49. Bc1 Kc5
50. Kd3 h5 51. Kc3 Ne5 1/2-1/2

[Event "21st Heart of Finland"]
[Site "Jyvaskyla FIN"]
[Date "2011.07.17"]
[Round "9"]
[White "Kiltti,J"]
[Black "Kuzevanova,E"]
[Result "1/2-1/2"]
[WhiteElo "2254"]
[BlackElo "2096"]
[EventDate "2011.07.11"]

1. c4 Nf6 2. g3 g6 3. Bg2 d5 4. cxd5 Nxd5 5. Nf3 Bg7 6. O-O Nb6 7. Nc3 O-O
8. d4 Nc6 9. d5 Na5 10. e4 c6 11. Nd4 cxd5 12. exd5 Nac4 13. b3 1/2-1/2

[Event "21st Heart of Finland"]
[Site "Jyvaskyla FIN"]
[Date "2011.07.17"]
[Round "9"]
[White "Immonen,V"]
[Black "Valli,F"]
[Result "1/2-1/2"]
[WhiteElo "2108"]
[BlackElo "2242"]
[EventDate "2011.07.11"]

1. e4 e5 2. Nf3 Nc6 3. Bb5 a6 4. Ba4 Nf6 5. O-O b5 6. Bb3 Bc5 7. c3 d6 8.
a4 Bb7 9. d4 Bb6 10. Bg5 h6 11. Bxf6 Qxf6 12. Na3 exd4 13. axb5 axb5 14.
Nxb5 dxc3 15. Nxc3 Nd4 16. Rxa8+ Bxa8 17. Nxd4 Qxd4 18. Ba4+ c6 19. Nd5
Qxd1 20. Rxd1 Bc5 21. b4 1/2-1/2

[Event "21st Heart of Finland"]
[Site "Jyvaskyla FIN"]
[Date "2011.07.17"]
[Round "9"]
[White "Kiik,K"]
[Black "Liu,Dennis"]
[Result "1-0"]
[WhiteElo "2425"]
[BlackElo "1857"]
[EventDate "2011.07.11"]

1. d4 d5 2. Nf3 Nc6 3. Bg5 Nf6 4. Bxf6 gxf6 5. e3 e5 6. Nc3 Bg4 7. Be2 e4
8. Nh4 Bxe2 9. Qxe2 Qd7 10. O-O Rg8 11. g3 O-O-O 12. f3 f5 13. fxe4 fxe4
14. Qh5 f6 15. Qf5 Bh6 16. Nxd5 Qxf5 17. Rxf5 Rg5 18. Nc3 Rxf5 19. Nxf5 Bf8
20. Nxe4 Rd5 21. g4 h5 22. Nxf6 Rb5 23. Nxh5 Rxb2 24. g5 1-0

[Event "21st Heart of Finland"]
[Site "Jyvaskyla FIN"]
[Date "2011.07.17"]
[Round "9"]
[White "Reshetov,V"]
[Black "Novik,Ma"]
[Result "0-1"]
[WhiteElo "2121"]
[BlackElo "2478"]
[EventDate "2011.07.11"]

1. e4 c6 2. d3 d5 3. Nd2 Nf6 4. c3 e5 5. Ngf3 Bd6 6. Be2 O-O 7. O-O Re8 8.
Qc2 Nbd7 9. Re1 a5 10. Nf1 Bf8 11. Ng3 g6 12. Bf1 Bg7 13. h3 h6 14. Be3 c5
15. Rad1 d4 16. Bc1 a4 17. c4 Nb8 18. Bd2 Nc6 19. Rb1 Nb4 20. Qd1 Bd7 21.
a3 Na6 22. Be2 b5 23. Rf1 bxc4 24. dxc4 Bc6 25. Bd3 Nd7 26. Qc1 Kh7 27. Qc2
Nc7 28. Rbe1 Ne6 29. Qc1 Qc7 30. Qc2 Nf4 31. Bc1 Rab8 32. Nd2 Nf8 33. Ne2
N8e6 34. Kh2 Nxd3 35. Qxd3 f5 36. f3 f4 37. Rd1 h5 38. Rh1 Bh6 39. Nf1 Nd8
40. Qc2 Qb7 41. Rd3 Nf7 42. Nd2 Nd6 43. b4 axb3 44. Rxb3 Qa6 45. Qb1 Rxb3
46. Qxb3 Ba4 47. Qa2 Rb8 48. Bb2 Qb6 49. Rb1 Bc2 50. Rc1 Bd3 0-1

[Event "21st Heart of Finland"]
[Site "Jyvaskyla FIN"]
[Date "2011.07.17"]
[Round "9"]
[White "Anttila,P"]
[Black "Tuomala,Ti"]
[Result "1-0"]
[WhiteElo "2109"]
[BlackElo "2240"]
[EventDate "2011.07.11"]

1. e4 c5 2. Nc3 Nc6 3. f4 e6 4. Bc4 Na5 5. Bd3 d5 6. e5 a6 7. Nf3 Be7 8.
O-O Nh6 9. b3 b5 10. Qe1 Nc6 11. a3 O-O 12. Nd1 f5 13. exf6 Bxf6 14. Rb1
Qc7 15. Ng5 Bd4+ 16. Kh1 Rxf4 17. Bxh7+ Kh8 18. d3 Rxf1+ 19. Qxf1 Bf6 20.
Bg6 Qe7 21. Nh7 Ne5 22. Nxf6 Nxg6 23. Nh5 Bd7 24. b4 Rf8 25. Qe2 Qh4 26. g3
Qg4 27. Qxg4 Nxg4 28. Kg2 e5 29. h3 d4 30. hxg4 Bxg4 31. Nf2 Bxh5 32. g4
Nh4+ 33. Kg3 Bg6 34. Nh3 Nf3 35. bxc5 Ne1 36. Bd2 Nxc2 37. Ng5 Bxd3 38. c6
Kg8 39. c7 Rc8 40. Ba5 Nxa3 41. Rb3 Nc4 42. Rxd3 Nxa5 43. Ra3 Nc4 44. Rxa6
Kf8 45. Kf3 Ke7 46. Ke4 Rxc7 47. Ne6 b4 48. Nxc7 1-0

[Event "21st Heart of Finland"]
[Site "Jyvaskyla FIN"]
[Date "2011.07.17"]
[Round "9"]
[White "Kilpela,P"]
[Black "Franssila,T"]
[Result "1/2-1/2"]
[WhiteElo "2077"]
[BlackElo "2213"]
[EventDate "2011.07.11"]

1. e4 c5 2. Nf3 d6 3. Bc4 Nf6 4. d3 a6 5. a4 Nc6 6. h3 e6 7. Bb3 d5 8. exd5
exd5 9. Bg5 Be7 10. c3 h6 11. Bh4 Bf5 12. Na3 O-O 13. Bc2 d4 14. O-O Nd5
15. Bxe7 Qxe7 16. Qd2 dxc3 17. bxc3 Qf6 18. d4 cxd4 19. Bxf5 Qxf5 20. Nxd4
Nxd4 21. cxd4 Nf4 22. Kh2 Rac8 23. f3 Rc6 24. Rae1 Rd8 25. Re4 Ne6 26. Qe3
Qd5 27. Rd1 Rdc8 28. Rd3 Qd6+ 29. f4 Nc7 30. d5 Nxd5 31. Re8+ Rxe8 32.
Qxe8+ Kh7 33. Qe4+ g6 34. Qxd5 Qxf4+ 35. g3 Qf2+ 36. Qg2 Qc5 37. Rf3 Qd5
38. Rf2 Qxg2+ 39. Kxg2 Kg7 40. Rb2 Rc3 41. Nb1 Rc4 1/2-1/2

[Event "21st Heart of Finland"]
[Site "Jyvaskyla FIN"]
[Date "2011.07.17"]
[Round "9"]
[White "Ahvenjarvi,Jani"]
[Black "Tiitta,S"]
[Result "1/2-1/2"]
[WhiteElo "2092"]
[BlackElo "2176"]
[EventDate "2011.07.11"]

1. Nf3 c5 2. c4 h6 3. d4 g5 4. dxc5 Bg7 5. Nd4 Na6 6. Nc3 Nxc5 7. h4 g4 8.
g3 d6 9. Bg2 a5 10. O-O Nf6 11. Qc2 O-O 12. Nf5 Bxf5 13. Qxf5 Qd7 14. Qf4
Rac8 15. Qd2 b6 16. Rb1 Qe6 17. b3 Nfe4 18. Nxe4 Nxe4 19. Bxe4 Qxe4 20. Qd3
Qe6 21. Be3 Rb8 22. Rfd1 Rfc8 23. a4 Rc6 24. Qd5 Rbc8 25. Rd3 Kh7 26. Qg2
Qg6 27. Qd5 Be5 28. Qb5 Qe4 29. Qd5 Qg6 30. Rbd1 R8c7 31. Qb5 Qe4 32. Qd5
Qg6 33. Rf1 e6 34. Qg2 Bb2 35. Rfd1 Ba3 36. Bf4 e5 37. Be3 Bc5 38. Qf1 Re7
39. Qe1 Bb4 40. Qf1 Bc5 41. Rb1 Rcc7 42. Qd1 Re6 43. Rb2 Rc6 44. Ra2 f5 45.
Qc1 Rc7 46. Qd2 Bb4 1/2-1/2

[Event "21st Heart of Finland"]
[Site "Jyvaskyla FIN"]
[Date "2011.07.17"]
[Round "9"]
[White "Wallin,A"]
[Black "Kauppala,P"]
[Result "1-0"]
[WhiteElo "2069"]
[BlackElo "2171"]
[EventDate "2011.07.11"]

1. c4 e6 2. g3 d5 3. Bg2 dxc4 4. Nf3 c6 5. a4 Na6 6. Na3 Qd5 7. O-O Nb4 8.
Ne1 Qc5 9. b3 cxb3 10. Bb2 Nc2 11. Nd3 Qd6 12. Nxc2 bxc2 13. Qxc2 Nf6 14.
a5 a6 15. e4 Qd8 16. Rfb1 Be7 17. Nc5 O-O 18. Ba3 Ra7 19. Qc3 Nd7 20. d4
Nxc5 21. Bxc5 Bxc5 22. Qxc5 Ra8 23. Rb6 Re8 24. d5 exd5 25. exd5 cxd5 26.
Bxd5 Qe7 27. Qc3 Rd8 28. Re1 Qd7 29. Qf3 Rb8 30. Rd6 Re8 31. Rxe8+ Qxe8 32.
Bxf7+ 1-0

[Event "21st Heart of Finland"]
[Site "Jyvaskyla FIN"]
[Date "2011.07.17"]
[Round "9"]
[White "Bicer,Sena Aksel"]
[Black "Alho,S"]
[Result "0-1"]
[WhiteElo "1758"]
[BlackElo "2160"]
[EventDate "2011.07.11"]

1. e4 d5 2. exd5 Qxd5 3. Nc3 Qa5 4. d4 Nf6 5. Bd2 c6 6. Nf3 Bf5 7. Bc4 e6
8. O-O Qc7 9. Re1 Be7 10. Bg5 Nbd7 11. Qe2 Nb6 12. Bb3 O-O-O 13. a4 a5 14.
Rad1 h6 15. Bh4 g5 16. Bg3 Bd6 17. Bxd6 Rxd6 18. Qe5 Nbd7 19. Qe2 Rd8 20.
Na2 Nf8 21. c3 Ng6 22. g3 Rg8 23. c4 Kb8 24. Nc3 Re8 25. Ne5 Nxe5 26. dxe5
Rxd1 27. Rxd1 Ng4 28. Re1 h5 29. h3 Nh6 30. Qxh5 Qb6 31. Qxh6 Qxb3 32. Ne4
Bxe4 33. Rxe4 Qxb2 34. Re3 Rd8 35. Qxg5 Rd1+ 36. Kg2 Qc1 37. Qg8+ Ka7 38.
Qxf7 Qxc4 39. g4 Qc1 40. Qxe6 Rh1 41. Qh6 Qf1+ 42. Kg3 Rg1+ 43. Kf3 Qg2+
44. Ke2 Ra1 45. e6 Ra2+ 46. Kd3 Qd5+ 47. Kc3 Qd2+ 48. Kc4 Rc2+ 49. Kb3 Rb2+
50. Kc4 Rb4+ 0-1